000 00247nam a22001097a 4500
008 130322b xxu||||| |||| 00| 0 eng d
082 _222nd
_a658
100 _aCollins
_914
245 _aReport writing in business
300 _a587p.
942 _2ddc
_cBK
999 _c153
_d153